000
00310nam a22001097a 4500
245
_a
Marunaattile rubber krishi Keralathinu bheeshaniyo: Ulpadanam amithamaakkan saadhyatha kuravu
260
_a
Kottayam
_b
Karshakaree, 28(6)
_c
2022
300
_a
67-68
310
_a
Monthly
650
_a
Rubber price
942
_c
JS
999
_c
74681
_d
74681